El hijo de Tekla Sabater /

Gespeichert in:
Bibliographische Detailangaben
1. Verfasser: Farré Gual, Esteban (autor)
Format: Buch
Sprache:Spanisch
Veröffentlicht: Madrid, España : Biblioteca Nueva, 2004, c2004
Schriftenreihe:(Narrativa Contemporánea Biblioteca Nueva)
Schlagworte:
Tags: Tag hinzufügen
Keine Tags, Fügen Sie das erste Tag hinzu!

MARC

LEADER 00000nam^a2200000^a^4500
001 000175607
005 20250521000000.0
009 20260310101612.416
020 |a 84-9742-277-5 
037 |a Acervo ITESO - Biblioteca 
041 |a ESP 
082 |a 863.  |b FAR 
100 |a Farré Gual, Esteban  |e (autor) 
245 1 3 |a El hijo de Tekla Sabater /  |c E. Farré Gual. 
264 4 |a Madrid, España :  |b Biblioteca Nueva,  |c 2004, c2004 
300 |a 318 p. 
336 |a texto  |b txt  |2 rdacontenido 
337 |a sin mediación  |b n  |2 rdamedio 
338 |a volumen  |b nc  |2 rdasoporte 
440 1 |a (Narrativa Contemporánea Biblioteca Nueva) 
649 |a XX 
650 |a Novela Catalana 
650 |a Novela Española 
650 |a Literatura Catalana -  |y Siglo XXI 
650 |a Literatura Española -  |y Siglo XXI 
910 |a Fondo General 
920 |a Impresos - Libros 
930 |a Colección General 
940 |a Literatura 
905 |a 101 
901 |a 0500114167  |b IT1  |c LIT  |u 20250521 
902 |a https://opac.biblio.iteso.mx/vufind/Record/000175607